[Event "Hannover Region-ch"]
[Site "Hannover"]
[Date "2014.02.01"]
[Round "1"]
[White "Doneit, Hans Joachim"]
[Black "Majewski, Thomas"]
[Result "0-1"]
[WhiteElo "1303"]
[BlackElo "1773"]
[PlyCount "84"]
[EventDate "2014.02.01"]
[EventType "swiss"]
[EventRounds "7"]
[EventCountry "GER"]
[SourceTitle "EXT 2021"]
[Source "ChessBase"]
[SourceDate "2020.10.23"]
[SourceVersion "1"]
[SourceVersionDate "2020.10.23"]
[SourceQuality "1"]

1. d4 Nf6 2. c4 g6 3. Nc3 d5 4. Nf3 Bg7 5. Bg5 Ne4 6. Nxe4 dxe4 7. Ne5 f6 8. Qa4+ c6 9. Nxg6 hxg6 10. Bf4 Qxd4 11. Rd1 Qxb2 12. e3 Bg4 13. Qb3 Qxb3 14. axb3 Bxd1 15. Kxd1 Nd7 16. f3 exf3 17. gxf3 Nc5 18. Kc2 a5 19. e4 e5 20. Bc1 Rd8 21. h3 Bh6 22. Ba3 Rd2+ 23. Kc3 Ne6 24. Bc1 Rf2 25. Bxh6 Rxf3+ 26. Kb2 Rxh6 27. Ka3 Nc5 28. Ka2 Nxe4 29. Bg2 Rf2+ 30. Ka3 Rxg2 31. b4 Rg3+ 32. Ka4 axb4 33. Kxb4 Rhxh3 34. Rb1 Ra3 35. c5 Nd2 36. Rb2 Rhb3+ 37. Rxb3 Rxb3+ 38. Ka4 e4 39. Ka5 e3 40. Ka4 e2 41. Ka5 e1Q 42. Ka4 Qa1# 0-1

[Event "Daehne Cup Region III Rest"]
[Site "Neustadt"]
[Date "2012.05.13"]
[Round "4"]
[White "Nagel, Detlev"]
[Black "Doneit, Hans Joachim"]
[Result "1-0"]
[WhiteElo "1420"]
[BlackElo "1251"]
[PlyCount "83"]
[EventDate "2012.05.??"]
[EventType "k.o."]
[EventCountry "GER"]
[SourceTitle "EXT 2022"]
[Source "ChessBase"]
[SourceDate "2021.10.06"]
[SourceVersion "1"]
[SourceVersionDate "2021.10.06"]
[SourceQuality "1"]

1. b3 Nf6 2. Bb2 d5 3. Nf3 Bf5 4. Nd4 g6 5. Nxf5 gxf5 6. Bxf6 exf6 7. g3 h5 8. Bg2 c6 9. e3 h4 10. Qf3 Qc8 11. Bh3 hxg3 12. hxg3 Bg7 13. Nc3 Qe6 14. d4 Na6 15. Rc1 Nc7 16. Kd2 Ke7 17. Bxf5 Qd6 18. Rxh8 Rxh8 19. Rh1 Rd8 20. Rh7 Rg8 21. Nb1 Ne6 22. Bxe6 Qxe6 23. Qf4 Qd6 24. Qxd6+ Kxd6 25. Nc3 f5 26. Ne2 Ke6 27. Nf4+ Kf6 28. Nh5+ Kg6 29. Rxg7+ Rxg7 30. Nxg7 Kxg7 31. c4 Kf6 32. Kc3 Ke6 33. a4 Kd6 34. b4 b6 35. c5+ Kc7 36. Kd3 Kb7 37. f3 a6 38. e4 a5 39. bxa5 bxc5 40. dxc5 Ka6 41. exd5 Kxa5 42. d6 1-0